Sports Quiz

Random Sports or Hockey Quiz

Athletes of the 1980s Quiz Stats

 Plays Quiz Updated Aug 8, 2017

Support Sporcle.
Go Orange.
Score 0/30 Timer 10:00
0 Plays Today
Hint Answer % Correct
BasketballLarry Bird
93.2%
Magic Johnson
91.8%
Joe Montana
82.4%
Dan Marino
82.3%
Isiah Thomas
79%
Wayne Gretzky
77.4%
FootballJerry Rice
76%
Lawrence Taylor
69.9%
John McEnroe
68.1%
Warren Moon
68.1%
Hakeem Olajuwon
67%
BaseballGeorge Brett
65.6%
Cal Ripken
63.4%
Mike Schmidt
62.6%
Moses Malone
60.9%
Hint Answer % Correct
Don Mattingly
58.3%
Marcus Allen
55.9%
Martina Navratilova
53.3%
Clyde Drexler
53%
Fernando Valenzuela
49.9%
TennisBoris Becker
48.3%
Chris Evert
46.8%
Steve Carlton
41.9%
Patrick Roy
41.7%
Stefan Edberg
27.2%
Mike Bossy
22.5%
Mats Wilander
19.9%
HockeyRon Hextall
14.7%
Ray Bourque
13.3%
Scott Stevens
6.3%

From the Vault

If Movie Characters Had Google

by Hejman

Movies 6m
We don't even want to know what their browser history would look like.
Remove Ads.
Support Sporcle.
Get the best of Sporcle when you Go Orange. This ad-free experience offers more features, more stats, and more fun while also helping to support Sporcle. Thank you for becoming a member.

Show Comments

Extras

Top Quizzes Today


Score Distribution

Your Account Isn't Verified!

In order to create a playlist on Sporcle, you need to verify the email address you used during registration. Go to your Sporcle Settings to finish the process.

Report this User

Report this user for behavior that violates our Community Guidelines.

Details: